000 00426nam a2200169Ia 4500
008 221030s9999 xx 000 0 und d
020 _a8175561519
041 _aEnglish
082 _a105.23
_bSex
100 _aM. Sexena
245 0 _aElectricity, Magnetism & Electronics
_cby M. Sexena, V. P. Arora
260 _bPragati Prakashan
_aMeerut
_c2000
300 _a730
650 _aEMT
700 _aV. P. Arora
942 _cBK
999 _c7008
_d7008